000 00791nam a2200217 a 4500
003 0
005 20250221125729.0
008 111115s19uu xx 00 eng d
050 _aPGS LB 1060.M55
_b.M663 2011
100 _aMin, Hye Jeong.
245 _aMath practice and student engagement in math /
_cHye Jeong Min.
260 _a Las PiƱas City, Philippines :
_bSouthville International School and Colleges,
_c2011.
300 _a21 pages :
_billustrations ;
_c28 cm.
504 _aIncludes bibliographical references.
650 _aMathematics education
_vStudy and teaching.
650 _aMathematics practice.
650 _aStudent engagement
_vMathematics.
650 _aLearning strategies
_vMathematics.
650 _aAcademic achievement
_vMathematics.
942 _2lcc
_cPASS
999 _c98648
_d98648